Faculty of Law Library — Cairo University

Official Online Catalog

Dreptul Internațional Penal Și Infracțiunile Internaționale / (Record no. 72949)

MARC details
000 -LEADER
fixed length control field 00939nam a2200289 i 4500
003 - CONTROL NUMBER IDENTIFIER
control field EG-GICUC
005 - DATE AND TIME OF LATEST TRANSACTION
control field 20260423090754.0
008 - FIXED-LENGTH DATA ELEMENTS--GENERAL INFORMATION
fixed length control field 260423s1977 rm fr|||| 001 0 rum d
040 ## - CATALOGING SOURCE
Original cataloging agency EG-GiCUC
Language of cataloging rum
Transcribing agency EG-GiCUC
Modifying agency EG-GiCUC
Description conventions rda
041 ## - LANGUAGE CODE
Language code of text/sound track or separate title rum
082 04 - DEWEY DECIMAL CLASSIFICATION NUMBER
Edition number 21
Classification number 343.5
Item number GE . D
092 04 - LOCALLY ASSIGNED DEWEY CALL NUMBER (OCLC)
Edition number 21
099 ## - LOCAL FREE-TEXT CALL NUMBER (OCLC)
Classification number Law 10 343.5 GE . D 1977
100 1# - MAIN ENTRY--PERSONAL NAME
Personal name Geamănu, Grigore.
Relator term Author.
245 10 - TITLE STATEMENT
Title Dreptul Internațional Penal Și Infracțiunile Internaționale /
Statement of responsibility, etc. Grigore Geamănu.
264 ## - PRODUCTION, PUBLICATION, DISTRIBUTION, MANUFACTURE, AND COPYRIGHT NOTICE
Place of production, publication, distribution, manufacture București :
Name of producer, publisher, distributor, manufacturer Editura Academiei Republicii Socialiste România,
Date of production, publication, distribution, manufacture, or copyright notice 1977.
300 ## - PHYSICAL DESCRIPTION
Extent 363 pages ;
Dimensions 24 cm
336 ## - CONTENT TYPE
Source rda content
Content type term text
337 ## - MEDIA TYPE
Source rda media
Media type term Computer
338 ## - CARRIER TYPE
Source rda carrier
Carrier type term Online Resource
546 ## - LANGUAGE NOTE
Language note Text in Romanian
650 1# - SUBJECT ADDED ENTRY--TOPICAL TERM
Topical term or geographic name entry element Criminal law
Geographic subdivision România
Source of heading or term qrmak
651 1# - SUBJECT ADDED ENTRY--GEOGRAPHIC NAME
Source of heading or term qrmak
856 40 - ELECTRONIC LOCATION AND ACCESS
Uniform Resource Identifier <a href="https://fll.law.cu.edu.eg/fulltext/bks/B10-10805.pdf">https://fll.law.cu.edu.eg/fulltext/bks/B10-10805.pdf</a>
905 ## - Cataloger and Reviser Names
Cataloger Name: Farha Tarek
942 ## - ADDED ENTRY ELEMENTS (KOHA)
Source of classification or shelving scheme Dewey Decimal Classification
Koha item type Books
Edition 21
Suppress in OPAC No
Holdings
Withdrawn status Lost status Source of classification or shelving scheme Damaged status Not for loan Collection Home library Current library Date acquired Total checkouts Full call number Barcode Date last seen Copy number Price effective from Koha item type
    Dewey Decimal Classification   Not for loan القانون الجنائي جــــامعة القــاهرة مكتبة كلية الحقوق - المبنى الرئيسي 23.04.2026   Law 10 343.5 GE . D 1977 1010805 C1 B10-10805 23.04.2026 1 23.04.2026 Books

© All rights reserved — Faculty of Law, Cairo University